[Event "FIDE Zonal 2.5 Open 2019"]
[Site "Montevideo"]
[Date "2019.04.14"]
[Round "2.12"]
[White "Lopez Azambuja, Nicolas"]
[Black "Viera, Emilio"]
[Result "1/2-1/2"]
[WhiteElo "2328"]
[BlackElo "2138"]
[Annotator "NA"]
[PlyCount "57"]
[EventDate "2019.04.13"]
[EventType "swiss"]
[EventCountry "URU"]
[SourceTitle "playchess.com"]
[Source "ChessBase"]
[SourceQuality "1"]
[TimeControl "40/5400+30:1800+30"]

1. d4 {[%emt 0:00:00]} e6 {[%emt 0:00:00]} 2. c4 {[%emt 0:00:00]} f5 3. Nf3 {[%emt 0:00:02]} Nf6 {[%emt 0:00:00]} 4. Qc2 {[%emt 0:00:25]} b6 {[%emt 0:01:12]} 5. g3 {[%emt 0:01:35]} Bb7 {[%emt 0:00:45]} 6. Bg2 {[%emt 0:00:08]} Bb4+ {[%emt 0:05:52]} 7. Bd2 {[%emt 0:01:46]} Qe7 {[%emt 0:05:20]} 8. O-O {[%emt 0:00:38]} Bxd2 {[%emt 0:01:26]} 9. Nbxd2 {[%emt 0:03:35]} O-O {[%emt 0:00:10]} 10. Rfd1 {[%emt 0:01:36]} d6 $11 {[%emt 0:02:05]} 11. Rac1 {[%emt 0:10:32]} Nbd7 {[%emt 0:06:39]} 12. b4 {[%emt 0:14:59]} c5 {[%emt 0:07:45]} 13. dxc5 {[%emt 0:02:08]} dxc5 {[%emt 0:04:32]} 14. b5 {[%emt 0:01:17]} g6 {[%emt 0:11:17]} 15. Nb1 {[%emt 0:04:13]} e5 {[%emt 0:01:17]} 16. Ne1 {[%emt 0:03:53]} e4 {[%emt 0:01:53]} 17. f4 {[%emt 0:04:44]} Rfd8 {[%emt 0:10:19]} 18. Qb3 {[%emt 0:11:05]} Nf8 {[%emt 0:03:23]} 19. Nc3 {[%emt 0:03:52]} Ne6 {[%emt 0:02:54]} 20. e3 {[%emt 0:00:59]} Rxd1 {[%emt 0:05:25]} 21. Rxd1 {[%emt 0:00:37]} Rd8 {[%emt 0:00:13]} 22. Bf1 {[%emt 0:02:32]} Kf8 {[%emt 0:02:47]} 23. Be2 {[%emt 0:04:52]} Rd6 {[%emt 0:02:19]} 24. Rxd6 {[%emt 0:06:32]} Qxd6 {[%emt 0:00:12]} 25. Qd1 {[%emt 0:00:37]} Qxd1 {[%emt 0:01:20]} 26. Nxd1 {[%emt 0:02:23]} Nc7 {[%emt 0:00:58]} 27. Nc2 {[%emt 0:00:39]} Bc8 {[%emt 0:00:48]} 28. Na1 {[%emt 0:05:16]} Be6 {[%emt 0:01:05]} 29. Nb3 {[%emt 0:00:29]} 1/2-1/2

[Event "FIDE Zonal 2.5 Open 2019"]
[Site "Montevideo"]
[Date "2019.04.14"]
[Round "2.13"]
[White "Pinero, Ismael"]
[Black "Cubas, Jose Fernando"]
[Result "0-1"]
[WhiteElo "1872"]
[BlackElo "2505"]
[Annotator "TA"]
[PlyCount "74"]
[EventDate "2019.04.13"]
[EventType "swiss"]
[EventCountry "URU"]
[SourceTitle "playchess.com"]
[Source "ChessBase"]
[SourceQuality "1"]

{[%evp 14,74,5,6,18,13,23,-1,6,0,0,-7,-4,-12,16,11,27,17,21,8,31,-64,-72,-51,-25,-14,-18,-35,0,-37,-41,-106,-108,-116,-118,-113,-99,-143,-143,-142,-84,-122,0,-105,-102,-429,-473,-626,-618,-718,-723,-718,-707,-700,-712,-711,-704,-686,-593,-812,-565,-5421,-5007]} 1. e4 e6 2. d4 d5 3. Nc3 Nf6 4. e5 Nfd7 5. f4 c5 6. Nf3 Nc6 7. Be3 Be7 8. Be2 b6 {C11: French: Classical System: 4 e5 and 4 Bg5 dxe4} 9. O-O O-O 10. Kh1 (10. Qd2 f6 11. dxc5 Nxc5 12. Nd4 Bb7 13. exf6 Bxf6 14. Nxc6 Bxc6 {½-½ (41) Kravtsiv,M (2634)-Bartel,M (2640) Lublin 2016}) 10... Bb7 {The position is equal.} 11. Qd2 f6 12. Rad1 fxe5 13. fxe5 cxd4 14. Nxd4 Rxf1+ (14... Nc5 {seems wilder.} 15. Nxc6 Bxc6 16. Bg4 Qe8 17. Bh3 Rxf1+ 18. Rxf1 Bf8) 15. Rxf1 Nf8 $146 ({Predecessor:} 15... Nxd4 16. Bxd4 {½-½ (71) Ileana,G (2174)-Paraschiv,P (2007) Baile Felix 2017}) 16. Bg4 Nxe5 17. Bxe6+ (17. Nxe6 $14 Qd6 18. Bf4 (18. Nb5 Qd7 $19)) 17... Nxe6 $15 18. Nxe6 Qd6 19. Nd4 Nc4 20. Qc1 Qe5 21. Rf3 Re8 22. Nce2 {[#]} (22. Bg1 $15) 22... Ba3 $1 $17 {[%cal Ra3b2][%mdl 512]} 23. bxa3 Nxe3 $40 {[%mdl 128] Black has strong attack.} 24. c3 Ba6 {Threatens to win with ...Ng4!} 25. Ng3 Ng4 $1 {...Qe1+ is the strong threat.} 26. Qg1 g6 (26... Qe1 $142 27. Nc2 Qd2) 27. h3 {[#]} h5 ({Black should play} 27... Nf6 $1 $17 28. a4 Ne4 29. Nxe4 dxe4) 28. Nf1 {[#]} (28. hxg4 $11 hxg4 29. Qb1 gxf3 30. Qxg6+ Kf8 31. Nxf3) 28... Nf6 $1 {[%cal Bg4f6,Bf6e4,Be4g3][%mdl 32] Strongly threatening ...Ne4.} 29. Qf2 $2 {[%mdl 8192]} (29. Qe3 $17 {is tougher.} Ne4 30. Kg1) 29... Ne4 $19 {Black is clearly winning.} 30. Qc2 Bxf1 $1 {[%mdl 64] Overworked Piece} 31. Rxf1 Ng3+ {[%mdl 64] Double Attack} 32. Kg1 Qe3+ 33. Rf2 Ne4 {[%mdl 64] Double Attack, Pin} 34. Qe2 Nxf2 35. Qxf2 Kg7 36. Nb5 Qe1+ 37. Qf1 Qg3 {Accuracy: White = 36%, Black = 59%.} 0-1

[Event "FIDE Zonal 2.5 Open 2019"]
[Site "Montevideo"]
[Date "2019.04.14"]
[Round "2.14"]
[White "Vazquez, Facundo"]
[Black "Fein, Jorge"]
[Result "1-0"]
[WhiteElo "2009"]
[BlackElo "1648"]
[Annotator "NA"]
[PlyCount "125"]
[EventDate "2019.04.13"]
[EventType "swiss"]
[EventCountry "URU"]
[SourceTitle "playchess.com"]
[Source "ChessBase"]
[SourceQuality "1"]
[TimeControl "40/5400+30:1800+30"]

1. d4 Nf6 {[%emt 0:16:31]} 2. c4 e6 3. Nf3 {[%emt 0:00:00]} Bb4+ {[%emt 0:01:56]} 4. Bd2 {[%emt 0:00:02]} Bxd2+ {[%emt 0:00:22]} 5. Nbxd2 {[%emt 0:00:18]} b6 {[%emt 0:00:09]} 6. e4 {[%emt 0:02:04]} d6 {[%emt 0:01:05]} 7. g3 {[%emt 0:00:35]} Bb7 {[%emt 0:00:24]} 8. Qc2 {[%emt 0:00:43]} c5 {[%emt 0:01:40]} 9. Bg2 $11 {[%emt 0:04:40]} O-O {[%emt 0:01:48]} 10. O-O {[%emt 0:02:21]} cxd4 {[%emt 0:02:53]} 11. Nxd4 {[%emt 0:00:03]} Nbd7 {[%emt 0:01:33]} 12. Rfd1 {[%emt 0:04:26]} Rc8 {[%emt 0:02:05]} 13. Rac1 {[%emt 0:03:32]} d5 {[%emt 0:03:38]} 14. exd5 {[%emt 0:11:38]} Bxd5 {[%emt 0:01:01]} 15. N4f3 {[%emt 0:06:03]} Bb7 {[%emt 0:04:06]} 16. b4 {[%emt 0:03:40]} Qc7 {[%emt 0:03:43]} 17. Qb2 {[%emt 0:01:13]} Qb8 {[%emt 0:01:55]} 18. Nb3 {[%emt 0:05:24]} Qa8 {[%emt 0:03:42]} 19. Qe2 {[%emt 0:08:17]} Rfd8 {[%emt 0:04:30]} 20. Nbd4 {[%emt 0:02:42]} Nf8 {[%emt 0:04:24]} 21. a4 {[%emt 0:11:53]} a5 {[%emt 0:05:25]} 22. bxa5 {[%emt 0:00:58]} Qxa5 {[%emt 0:03:17]} 23. Qb2 {[%emt 0:01:34]} Rd7 {[%emt 0:11:52]} 24. Re1 {[%emt 0:04:17]} Rdc7 {[%emt 0:01:10]} 25. Bf1 {[%emt 0:00:21]} Qh5 {[%emt 0:02:26]} 26. Re5 {[%emt 0:02:00]} Qh6 {[%emt 0:01:43]} 27. Qd2 {[%emt 0:04:07]} Qxd2 {[%emt 0:01:15]} 28. Nxd2 {[%emt 0:00:01]} Rc5 {[%emt 0:01:04]} 29. Rxc5 {[%emt 0:00:39]} Rxc5 {[%emt 0:00:42]} 30. Rb1 {[%emt 0:02:19]} N8d7 {[%emt 0:00:42]} 31. Rb4 {[%emt 0:00:46]} h6 {[%emt 0:02:12]} 32. N2b3 {[%emt 0:00:42]} Re5 {[%emt 0:01:22]} 33. a5 {[%emt 0:00:18]} Re1 {[%emt 0:03:03]} 34. axb6 {[%emt 0:00:54]} Be4 {[%emt 0:01:31]} 35. Nd2 {[%emt 0:02:31]} Rd1 {[%emt 0:02:05]} 36. N4b3 {[%emt 0:01:28]} Bd3 {[%emt 0:02:02]} 37. Kg2 {[%emt 0:00:16]} Bxf1+ {[%emt 0:02:23]} 38. Nxf1 {[%emt 0:00:02]} Nb8 {[%emt 0:02:16]} 39. Ne3 {[%emt 0:02:33]} Rd8 {[%emt 0:00:47]} 40. c5 {[%emt 0:00:55]} Nc6 {[%emt 0:01:21]} 41. Ra4 {[%emt 0:30:59]} Nd7 {[%emt 0:32:21]} 42. Nc4 {[%emt 0:00:59]} Ndb8 {[%emt 0:00:00]} 43. Ra8 {[%emt 0:00:00]} Kh7 {[%emt 0:00:00]} 44. Nba5 {[%emt 0:00:00]} Nd7 {[%emt 0:00:00]} 45. Rxd8 {[%emt 0:00:00]} Nxd8 {[%emt 0:00:00]} 46. c6 {[%emt 0:00:00]} Nxc6 {[%emt 0:00:00]} 47. Nxc6 {[%emt 0:00:00]} Nxb6 {[%emt 0:00:00]} 48. Nxb6 {[%emt 0:00:00]} g5 {[%emt 0:00:00]} 49. Kf3 {[%emt 0:00:00]} Kg7 {[%emt 0:00:00]} 50. Ke4 {[%emt 0:00:00]} h5 {[%emt 0:00:00]} 51. h4 {[%emt 0:00:00]} gxh4 {[%emt 0:00:00]} 52. gxh4 {[%emt 0:00:00]} Kg6 {[%emt 0:00:00]} 53. Ke5 {[%emt 0:00:00]} Kg7 {[%emt 0:00:00]} 54. Nd7 {[%emt 0:00:00]} Kg6 {[%emt 0:00:00]} 55. Ne7+ {[%emt 0:00:00]} Kg7 {[%emt 0:00:00]} 56. Nf6 {[%emt 0:00:00]} Kf8 {[%emt 0:00:00]} 57. Nc6 {[%emt 0:00:00]} Kg7 {[%emt 0:00:00]} 58. Nxh5+ {[%emt 0:00:00]} Kg6 {[%emt 0:00:00]} 59. Nf4+ {[%emt 0:00:00]} Kg7 {[%emt 0:00:00]} 60. h5 {[%emt 0:00:00]} Kg8 {[%emt 0:00:00]} 61. Nxe6 {[%emt 0:00:00]} fxe6 {[%emt 0:00:13]} 62. Kxe6 {[%emt 0:00:00]} Kg7 {[%emt 0:00:04]} 63. f4 {[%emt 0:00:00]} 1-0

[Event "FIDE Zonal 2.5 Open 2019"]
[Site "Montevideo"]
[Date "2019.04.14"]
[Round "2.15"]
[White "Carvalho, Guillermo"]
[Black "Rodriguez Vila, Andres"]
[Result "0-1"]
[WhiteElo "2194"]
[BlackElo "2480"]
[Annotator "ChessBase"]
[PlyCount "144"]
[EventDate "2019.04.13"]
[EventType "swiss"]
[EventCountry "URU"]
[SourceTitle "playchess.com"]
[Source "ChessBase"]
[SourceQuality "1"]
[TimeControl "40/5400+30:1800+30"]

1. Nf3 {[%emt 0:00:03]} d6 {[%emt 0:04:49]} 2. c4 {[%emt 0:04:36]} g6 {[%emt 0:00:32]} 3. Nc3 {[%emt 0:00:07]} Bg7 {[%emt 0:00:06]} 4. d4 {[%emt 0:00:14]} Nd7 {[%emt 0:00:59]} 5. e4 {[%emt 0:01:41]} e5 {[%emt 0:00:32]} 6. Be2 {[%emt 0:00:26]} Ne7 {[%emt 0:00:51]} 7. O-O {[%emt 0:00:29]} O-O {[%emt 0:00:09]} 8. Re1 {[%emt 0:09:53]} h6 {[%emt 0:01:03]} 9. Bf1 {[%emt 0:01:44]} g5 {[%emt 0:02:50]} 10. h3 {[%emt 0:05:01]} Ng6 {[%emt 0:00:25]} 11. Be3 {[%emt 0:01:15]} Kh8 {[%emt 0:09:17]} 12. Qc2 {[%emt 0:03:30]} c6 {[%emt 0:01:15]} 13. Rad1 {[%emt 0:01:27]} Qf6 {[%emt 0:00:23]} 14. Nh2 {[%emt 0:07:03]} Nf4 {[%emt 0:00:35]} 15. g3 {[%emt 0:01:10]} Qg6 {[%emt 0:04:26]} 16. Kh1 {[%emt 0:01:51]} Rg8 {[%emt 0:02:12]} 17. f3 {[%emt 0:07:23]} Ne6 {[%emt 0:02:17]} 18. d5 {[%emt 0:04:51]} Nd4 {[%emt 0:00:23]} 19. Qf2 {[%emt 0:00:39]} a5 {[%emt 0:01:23]} 20. Bd3 {[%emt 0:00:53]} Nc5 {[%emt 0:00:38]} 21. g4 {[%emt 0:00:38]} Qf6 {[%emt 0:07:02]} 22. Kg2 {[%emt 0:01:26]} Nd7 {[%emt 0:00:20]} 23. Ne2 {[%emt 0:09:10]} Nf8 {[%emt 0:00:49]} 24. Ng3 {[%emt 0:00:30]} c5 {[%emt 0:01:20]} 25. Nf5 {[%emt 0:04:55]} Ng6 {[%emt 0:00:58]} 26. Kh1 {[%emt 0:02:23]} Bf8 {[%emt 0:00:11]} 27. Bf1 {[%emt 0:02:05]} Bd7 {[%emt 0:03:10]} 28. Bg2 {[%emt 0:01:38]} b5 {[%emt 0:03:34]} 29. Nf1 {[%emt 0:01:36]} bxc4 {[%emt 0:00:05]} 30. N1g3 {[%emt 0:00:07]} Nf4 {[%emt 0:02:07]} 31. Bf1 {[%emt 0:01:17]} Bb5 {[%emt 0:01:26]} 32. Bxf4 {[%emt 0:00:33]} gxf4 {[%emt 0:00:38]} 33. Nh5 {[%emt 0:00:15]} Qd8 {[%emt 0:01:34]} 34. Rc1 {[%emt 0:01:16]} f6 {[%emt 0:00:15]} 35. Red1 {[%emt 0:02:03]} Rb8 {[%emt 0:02:23]} 36. Rd2 {[%emt 0:03:08]} Rb7 {[%emt 0:02:54]} 37. Bxc4 {[%emt 0:01:43]} Be8 {[%emt 0:01:18]} 38. Nxd4 {[%emt 0:03:28]} cxd4 {[%emt 0:00:44]} 39. Ba6 {[%emt 0:02:27]} Ra7 {[%emt 0:00:04]} 40. Rc8 {[%emt 0:01:19]} Qe7 {[%emt 0:00:06]} 41. Rxe8 {[%emt 0:34:34]} Qxe8 {[%emt 0:30:13]} 42. Qe2 {[%emt 0:01:43]} Be7 {[%emt 0:01:23]} 43. Bb5 {[%emt 0:01:00]} Qb8 {[%emt 0:01:00]} 44. b3 {[%emt 0:01:45]} Rc8 {[%emt 0:00:39]} 45. Bc6 {[%emt 0:00:29]} Qb4 {[%emt 0:00:27]} 46. Rc2 {[%emt 0:01:03]} a4 {[%emt 0:00:40]} 47. Rc4 {[%emt 0:00:42]} d3 {[%emt 0:00:10]} 48. Qd1 {[%emt 0:02:02]} Qb6 {[%emt 0:05:39]} 49. Qxd3 {[%emt 0:01:31]} axb3 {[%emt 0:00:06]} 50. Qxb3 {[%emt 0:00:29]} Qxb3 {[%emt 0:01:28]} 51. axb3 {[%emt 0:00:06]} Ra1+ {[%emt 0:00:04]} 52. Kg2 {[%emt 0:00:13]} Rb8 {[%emt 0:02:47]} 53. Ba4 {[%emt 0:00:29]} Kg8 {[%emt 0:01:45]} 54. Rc7 {[%emt 0:04:04]} Ra2+ {[%emt 0:00:05]} 55. Kf1 {[%emt 0:00:00]} Kf8 {[%emt 0:00:00]} 56. Rc6 {[%emt 0:00:00]} Rh2 {[%emt 0:00:00]} 57. Kg1 {[%emt 0:00:00]} Rd2 {[%emt 0:00:00]} 58. Kf1 {[%emt 0:00:00]} Rd4 {[%emt 0:00:00]} 59. Ke2 {[%emt 0:00:00]} Rdb4 {[%emt 0:00:00]} 60. Rc7 {[%emt 0:00:00]} R4b7 {[%emt 0:00:00]} 61. Rc6 {[%emt 0:00:00]} Kf7 {[%emt 0:00:00]} 62. Kf1 {[%emt 0:00:00]} Bf8 {[%emt 0:00:00]} 63. Kf2 {[%emt 0:00:00]} Ra7 {[%emt 0:00:00]} 64. Rc2 {[%emt 0:00:00]} Rbb7 {[%emt 0:00:00]} 65. Ke2 {[%emt 0:00:00]} Rc7 {[%emt 0:00:00]} 66. Bc6 {[%emt 0:00:00]} Be7 {[%emt 0:00:00]} 67. b4 {[%emt 0:00:00]} Bd8 {[%emt 0:00:00]} 68. b5 {[%emt 0:00:00]} Re7 {[%emt 0:00:00]} 69. b6 {[%emt 0:00:00]} Bxb6 {[%emt 0:00:00]} 70. Rb2 {[%emt 0:00:00]} Ra6 {[%emt 0:00:00]} 71. Bb5 {[%emt 0:00:00]} Bd4 {[%emt 0:00:00]} 72. Rc2 {[%emt 0:00:00]} Rb6 {[%emt 0:00:00]} 0-1

[Event "FIDE Zonal 2.5 Open 2019"]
[Site "Montevideo"]
[Date "2019.04.14"]
[Round "2.16"]
[White "Rodriguez Farias, Eduardo"]
[Black "Carbone, Diego"]
[Result "0-1"]
[WhiteElo "1898"]
[BlackElo "2277"]
[Annotator "NA"]
[PlyCount "40"]
[EventDate "2019.04.13"]
[EventType "swiss"]
[EventCountry "URU"]
[SourceTitle "playchess.com"]
[Source "ChessBase"]
[SourceQuality "1"]
[TimeControl "40/5400+30:1800+30"]

1. e4 {[%emt 0:00:00]} e5 {[%emt 0:03:51]} 2. Nf3 {[%emt 0:00:56]} Nc6 {[%emt 0:00:05]} 3. Bc4 {[%emt 0:00:37]} Bc5 {[%emt 0:00:16]} 4. O-O {[%emt 0:00:15]} Nf6 {[%emt 0:00:21]} 5. d4 {[%emt 0:00:10]} Bxd4 {[%emt 0:00:47]} 6. Nxd4 {[%emt 0:00:14]} Nxd4 {[%emt 0:00:06]} 7. f4 {[%emt 0:00:56]} d6 {[%emt 0:00:07]} 8. fxe5 {[%emt 0:00:08]} dxe5 {[%emt 0:00:05]} 9. Bg5 {[%emt 0:00:23]} Qe7 {[%emt 0:02:44]} 10. c3 {[%emt 0:04:00]} Ne6 $1 {[%emt 0:03:47]} 11. Bxe6 {[%emt 0:03:51]} Bxe6 $17 {[%emt 0:00:37]} 12. Kh1 {[%emt 0:08:53]} Rg8 {[%emt 0:07:29]} 13. Qf3 {[%emt 0:06:32]} h6 {[%emt 0:09:48]} 14. Bh4 {[%emt 0:08:06]} O-O-O {[%emt 0:04:55]} 15. Na3 {[%emt 0:01:59]} Kb8 {[%emt 0:10:30]} 16. Rf2 {[%emt 0:31:52]} g5 {[%emt 0:14:44]} 17. Qxf6 {[%emt 0:09:09]} Qxf6 {[%emt 0:00:08]} 18. Rxf6 {[%emt 0:00:11]} gxh4 {[%emt 0:00:16]} 19. Rf2 {[%emt 0:01:26]} Rg4 {[%emt 0:01:24]} 20. Re1 {[%emt 0:02:02]} Rxe4 {[%emt 0:01:02]} 0-1

[Event "FIDE Zonal 2.5 Open 2019"]
[Site "Montevideo"]
[Date "2019.04.14"]
[Round "2.17"]
[White "Restuccia, Francisco"]
[Black "Zaruski, Julio"]
[Result "1-0"]
[WhiteElo "2100"]
[BlackElo "1842"]
[Annotator "NA"]
[PlyCount "71"]
[EventDate "2019.04.13"]
[EventType "swiss"]
[EventCountry "URU"]
[SourceTitle "playchess.com"]
[Source "ChessBase"]
[SourceQuality "1"]
[TimeControl "40/5400+30:1800+30"]

1. e4 {[%emt 0:07:22]} c5 {[%emt 0:00:47]} 2. c3 {[%emt 0:01:26]} g6 {[%emt 0:02:08]} 3. d4 {[%emt 0:00:12]} b6 {[%emt 0:03:38]} 4. Be3 {[%emt 0:03:56]} Qc7 $16 {[%emt 0:05:42]} 5. Na3 {[%emt 0:13:21]} a6 {[%emt 0:01:03]} 6. Qd2 {[%emt 0:01:41]} Bb7 {[%emt 0:01:07]} 7. f3 {[%emt 0:04:34]} d6 {[%emt 0:06:40]} 8. h4 {[%emt 0:06:24]} h6 {[%emt 0:06:23]} 9. g4 {[%emt 0:01:05]} Nd7 {[%emt 0:16:54]} 10. Bg2 {[%emt 0:01:12]} e6 {[%emt 0:02:35]} 11. Ne2 {[%emt 0:05:54]} Be7 {[%emt 0:17:16]} 12. g5 {[%emt 0:05:02]} O-O-O {[%emt 0:01:13]} 13. gxh6 {[%emt 0:01:37]} Ngf6 14. Nc2 {[%emt 0:02:25]} d5 {[%emt 0:01:29]} 15. e5 Nh5 {[%emt 0:03:25]} 16. O-O-O {[%emt 0:01:46]} b5 17. Kb1 {[%emt 0:02:31]} Nb6 {[%emt 0:03:48]} 18. b3 {[%emt 0:00:15]} a5 {[%emt 0:02:13]} 19. Bh3 {[%emt 0:02:58]} a4 {[%emt 0:03:30]} 20. Bg4 {[%emt 0:00:48]} axb3 {[%emt 0:05:53]} 21. axb3 {[%emt 0:00:02]} c4 {[%emt 0:02:03]} 22. b4 {[%emt 0:00:17]} Bc6 {[%emt 0:05:11]} 23. Bxh5 {[%emt 0:00:49]} gxh5 {[%emt 0:00:06]} 24. Bg5 {[%emt 0:00:57]} Na4 {[%emt 0:02:48]} 25. Qf4 {[%emt 0:02:46]} f5 {[%emt 0:03:35]} 26. exf6 {[%emt 0:09:16]} Qxf4 {[%emt 0:00:19]} 27. Nxf4 {[%emt 0:00:03]} Nxc3+ {[%emt 0:00:35]} 28. Kc1 {[%emt 0:00:06]} Bd6 {[%emt 0:00:59]} 29. Ng6 {[%emt 0:05:22]} Nxd1 {[%emt 0:01:00]} 30. Nxh8 {[%emt 0:00:44]} Nf2 {[%emt 0:01:09]} 31. Nf7 {[%emt 0:00:46]} Nxh1 {[%emt 0:01:09]} 32. Nxd8 {[%emt 0:00:07]} Kxd8 {[%emt 0:00:29]} 33. f7+ {[%emt 0:00:12]} Kc7 {[%emt 0:00:38]} 34. h7 {[%emt 0:00:16]} Nf2 {[%emt 0:00:28]} 35. h8=Q {[%emt 0:00:22]} c3 {[%emt 0:00:41]} 36. Qd8+ {[%emt 0:00:37] Nd1} 1-0

[Event "FIDE Zonal 2.5 Open 2019"]
[Site "Montevideo"]
[Date "2019.04.14"]
[Round "2.18"]
[White "Pena Canapa, Alfredo"]
[Black "Adasme Fredes, Mauricio"]
[Result "0-1"]
[WhiteElo "1811"]
[BlackElo "2086"]
[Annotator "NA"]
[PlyCount "42"]
[EventDate "2019.04.13"]
[EventType "swiss"]
[EventCountry "URU"]
[SourceTitle "playchess.com"]
[Source "ChessBase"]
[SourceQuality "1"]
[TimeControl "40/5400+30:1800+30"]

1. d4 {[%emt 0:00:00]} d5 {[%emt 0:00:36]} 2. c4 {[%emt 0:00:00]} c6 {[%emt 0:00:03]} 3. Nf3 {[%emt 0:00:00]} Nf6 {[%emt 0:00:06]} 4. Qc2 {[%emt 0:00:00]} e6 {[%emt 0:00:07]} 5. g3 {[%emt 0:00:05]} Bd6 {[%emt 0:00:14]} 6. Bg2 {[%emt 0:00:08] LiveBook: 125 Games} Nbd7 {[%emt 0:00:06]} 7. O-O {[%emt 0:00:12]} O-O {[%emt 0:00:10]} 8. Rd1 {[%emt 0:01:29]} Ne4 {[%emt 0:00:48]} 9. b3 {[%emt 0:02:39]} Qe7 {[%emt 0:01:01]} 10. a4 {[%emt 0:00:24]} f5 {[%emt 0:02:51]} 11. e3 {[%emt 0:00:44]} Ndf6 {[%emt 0:02:15]} 12. Ne5 {[%emt 0:11:54]} Bd7 {[%emt 0:02:01]} (12... a5 $11 {remains equal.}) 13. Ba3 $14 {[%emt 0:02:56]} Bxa3 {[%emt 0:03:41]} 14. Nxa3 {[%emt 0:01:06]} Be8 {[%emt 0:00:30]} 15. Nb1 {[%emt 0:10:10]} Bh5 {[%emt 0:01:22]} 16. Re1 {[%emt 0:01:28]} Nd7 {[%emt 0:03:58]} 17. Nd2 {[%emt 0:03:36]} Nxe5 {[%emt 0:01:33]} 18. dxe5 {[%emt 0:00:07]} Qb4 {[%emt 0:04:20]} 19. Nxe4 {[%emt 0:00:33]} dxe4 {[%emt 0:01:41]} 20. Bf1 {[%emt 0:02:38]} Rad8 {[%emt 0:03:26]} 21. Ra2 {[%emt 0:00:09]} Qxe1 {[%emt 0:00:18]} 0-1

[Event "FIDE Zonal 2.5 Open 2019"]
[Site "Montevideo"]
[Date "2019.04.14"]
[Round "2.19"]
[White "Belmes, Martin"]
[Black "Barreto Filho, Carlos Alberto"]
[Result "1-0"]
[WhiteElo "2081"]
[BlackElo "2293"]
[Annotator "NA"]
[PlyCount "149"]
[EventDate "2019.04.13"]
[EventType "swiss"]
[EventCountry "URU"]
[SourceTitle "playchess.com"]
[Source "ChessBase"]
[SourceQuality "1"]
[TimeControl "40/5400+30:1800+30"]

1. e4 {[%emt 0:01:22]} e6 {[%emt 0:00:00]} 2. d3 {[%emt 0:00:06]} d5 {[%emt 0:00:00]} 3. Nd2 {[%emt 0:00:04]} Nf6 {[%emt 0:00:20]} 4. g3 {[%emt 0:00:32]} dxe4 {[%emt 0:01:20]} 5. dxe4 {[%emt 0:00:06]} e5 {[%emt 0:00:18]} 6. Bg2 {[%emt 0:00:41]} Nc6 {[%emt 0:00:38]} 7. Ngf3 {[%emt 0:00:09]} Bg4 {[%emt 0:00:28]} 8. c3 {[%emt 0:00:25]} Bc5 {[%emt 0:01:31]} 9. O-O {[%emt 0:04:02]} Qd3 {[%emt 0:00:51]} 10. Qa4 {[%emt 0:02:16]} O-O {[%emt 0:01:52]} 11. Re1 {[%emt 0:04:24]} a5 {[%emt 0:01:18]} 12. Qc4 {[%emt 0:04:38]} Qd6 {[%emt 0:02:48]} 13. Nf1 $11 {[%emt 0:01:30]} Be6 {[%emt 0:01:33]} 14. Qe2 {[%emt 0:00:16]} Ng4 {[%emt 0:02:28]} 15. Ne3 {[%emt 0:00:19]} Ne7 {[%emt 0:02:31]} 16. Ng5 {[%emt 0:04:08]} Nxe3 {[%emt 0:04:14]} 17. Bxe3 {[%emt 0:01:18]} Bxe3 {[%emt 0:02:15]} 18. Qxe3 {[%emt 0:00:10]} Bg4 {[%emt 0:02:05]} 19. f3 {[%emt 0:04:03]} Bh5 {[%emt 0:00:33]} 20. Rad1 {[%emt 0:00:40]} Qc6 {[%emt 0:01:45]} 21. Kh1 {[%emt 0:02:59]} Rad8 {[%emt 0:00:45]} 22. Nxh7 {[%emt 0:04:27]} Rxd1 {[%emt 0:03:05]} 23. Rxd1 {[%emt 0:00:37]} Bxf3 {[%emt 0:00:55]} 24. Qxf3 {[%emt 0:01:41]} Kxh7 {[%emt 0:00:19]} 25. Qh5+ {[%emt 0:00:08]} Kg8 {[%emt 0:00:25]} 26. Qxe5 {[%emt 0:00:11]} Re8 {[%emt 0:00:30]} 27. Rf1 {[%emt 0:02:49]} b6 {[%emt 0:01:45]} 28. Qf4 {[%emt 0:01:26]} Qc4 {[%emt 0:00:17]} 29. b3 {[%emt 0:06:58]} Qe6 {[%emt 0:00:06]} 30. Rd1 {[%emt 0:01:12]} Qc6 {[%emt 0:02:14]} 31. Qd2 {[%emt 0:01:07]} Ng6 {[%emt 0:02:08]} 32. Qd7 {[%emt 0:01:05]} Ne5 {[%emt 0:00:07]} 33. Qxc6 {[%emt 0:00:25]} Nxc6 {[%emt 0:00:09]} 34. Rd7 {[%emt 0:01:08]} Re7 {[%emt 0:00:11]} 35. Rxe7 {[%emt 0:00:19]} Nxe7 {[%emt 0:00:14]} 36. Kg1 {[%emt 0:00:02]} f6 {[%emt 0:00:57]} 37. Kf2 {[%emt 0:02:03]} Kf7 {[%emt 0:01:04]} 38. Bh3 {[%emt 0:00:09]} Ng6 {[%emt 0:00:50]} 39. Ke3 {[%emt 0:02:55]} Ne5 {[%emt 0:00:50]} 40. Bf5 {[%emt 0:01:29]} Ke7 {[%emt 0:02:19]} 41. h3 {[%emt 0:31:05]} Kd6 {[%emt 0:32:51]} 42. Bc8 a4 43. h4 {[%emt 0:03:17]} axb3 {[%emt 0:02:42]} 44. axb3 {[%emt 0:00:04]} Ng6 {[%emt 0:04:48]} 45. h5 {[%emt 0:01:05]} Ne7 {[%emt 0:00:47]} 46. Bh3 {[%emt 0:02:49]} Ke5 {[%emt 0:00:12]} 47. b4 {[%emt 0:00:26]} Nc6 {[%emt 0:02:37]} 48. Bf5 {[%emt 0:03:13]} Nd8 {[%emt 0:01:33]} 49. Kd3 {[%emt 0:03:08]} Nb7 {[%emt 0:00:34]} 50. Bd7 {[%emt 0:01:52]} Nd6 {[%emt 0:05:09]} 51. Bc6 {[%emt 0:01:17]} Nf7 {[%emt 0:01:08]} 52. c4 {[%emt 0:12:50]} Nd6 {[%emt 0:03:22]} 53. c5 {[%emt 0:00:25]} bxc5 {[%emt 0:08:47]} 54. bxc5 {[%emt 0:00:04]} Nf7 {[%emt 0:00:28]} 55. Be8 {[%emt 0:03:31]} Ng5 {[%emt 0:01:49]} 56. Bg6 {[%emt 0:00:21]} Ne6 {[%emt 0:01:00]} 57. Kc4 {[%emt 0:00:17]} Nd4 {[%emt 0:02:25]} 58. g4 {[%emt 0:04:12]} Nc2 {[%emt 0:01:16]} 59. Kb5 {[%emt 0:01:12]} Nd4+ {[%emt 0:01:23]} 60. Kc4 {[%emt 0:02:37]} Nf3 {[%emt 0:01:36]} 61. Kb4 {[%emt 0:02:50]} Kd4 {[%emt 0:00:35]} 62. Kb5 {[%emt 0:00:23]} Ne5 {[%emt 0:00:25]} 63. Bf5 {[%emt 0:00:23]} Kd3 {[%emt 0:00:30]} 64. Ka6 {[%emt 0:07:36]} Kd4 {[%emt 0:03:42]} 65. Kb7 {[%emt 0:00:06]} Kxc5 {[%emt 0:00:25]} 66. Kxc7 {[%emt 0:00:03]} Kd4 {[%emt 0:02:38]} 67. Kd8 {[%emt 0:00:27]} Nxg4 {[%emt 0:02:45]} 68. Ke7 {[%emt 0:00:34]} Nh6 {[%emt 0:00:40]} 69. Kf8 {[%emt 0:00:12]} Nxf5 {[%emt 0:01:07]} 70. exf5 {[%emt 0:00:04]} Ke5 {[%emt 0:00:23]} 71. Kxg7 {[%emt 0:00:06]} Kxf5 {[%emt 0:00:11]} 72. h6 {[%emt 0:00:03]} Ke5 {[%emt 0:00:29]} 73. h7 {[%emt 0:00:04]} f5 {[%emt 0:00:08]} 74. h8=Q {[%emt 0:00:06]} f4 {[%emt 0:00:18]} 75. Qh1 {[%emt 0:00:05]} 1-0